| 000 | 00370nab a22001097u 4500 | ||
|---|---|---|---|
| 008 | 130520b1982 xxu||||| |||| 00| 0 spa d | ||
| 041 | _aspa | ||
| 100 | 1 |
_aCaumeil, H. _967259 |
|
| 245 | 0 | 0 |
_aOración de niños, interpelación de adultos. La experiencia de una escuela de oración _cH. Caumeil |
| 773 | 0 |
_tConcilium _gV.3,1982,págs.364-371 _x0210-1041 _wRev134 |
|
| 942 | _cAR | ||
| 999 |
_c354889 _d354889 |
||